000 00289nam a22001337a 4500
008 170713b xxu||||| |||| 00| 0 eng d
020 _a9780201407549
041 _aeng
080 _a101
100 _a24
101 _aFIL
245 _aEROS AND EVOLUTION
_cMICHOD, R.E
942 _2udc
_cBK
999 _c20578
_d20578